000 00755nam a2200253Ia 4500
003 GCL
008 140319s9999 xx 000 0 ara d
040 _aGCL /
_cGCL
082 0 4 _a743.45
_bم ر
100 1 _aمحمود البسيونى
245 1 0 _aرسوم الاطفال قبل المدرسة /
_cمحمود البسيونى
260 _a[S.N] :
_bدار المعارف ،
_c1991
300 _a337 ص
490 _a
650 0 4 _aرياض الاطفال
650 0 4 _aمدارس الحضانة
650 0 4 _aالفنون
650 0 4 _aالرسم
650 0 4 _aرسوم الاطفال
650 0 4 _aالاطفال فى الفن
650 0 4 _aالرسم اليدوى
650 0 4 _aالاطفال الموهوبون
942 _2ddc
_cBK
999 _c58591
_d58591